000 00782nam a2200265 i 4500
001 36426
003 BD-RjUL
005 20211209052503.0
008 140623s1981 maua b 001 0 eng d
020 _a0205071651
035 _a(BD-RjUL)36523
040 _aDLC
_cDLC
_dDLC
_dBD-RjUL
_beng
041 _aeng
082 0 0 _a320.973
_bSHA 1981
100 1 _aShank, Alan,
_d1936-
_9110865
245 1 0 _aAmerican politics, policies, and priorities /
_cAlan Shank.
250 _a3d ed.
260 _aBoston :
_bAllyn and Bacon,
_cc1981.
300 _aviii, 410 p. :
_bill. ;
_c24 cm.
504 _aIncludes bibliographical references and index.
651 0 _aUnited States
_xPolitics and government.
_9110866
942 _2ddc
_cBK
999 _c36426
_d36426